| 000 | 00462cam a22001571 4500 | ||
|---|---|---|---|
| 082 |
_a808.066 _bZAL _cL-29, P-86 |
||
| 100 | 1 |
_aZall, Paul M. _945854 |
|
| 245 | 0 | 0 |
_aElements of technical report writing. _cZall, Paul M. |
| 260 |
_aNew York, _bHarper _c[1962] |
||
| 300 |
_a208 p. _billus. _c22 cm. |
||
| 526 |
_a0 _b0 _c0 _d808_066000000000000_ZAL |
||
| 650 | 0 |
_aMCE _9379 |
|
| 650 | 0 |
_aReport writing. _93246 |
|
| 650 | 0 |
_aTechnical writing. _97391 |
|
| 942 |
_2ddc _cBK |
||
| 999 |
_c549283 _d549283 |
||